000 00412nam a2200157Ia 4500
008 230312s9999||||xx |||||||||||||| ||und||
020 _a978-81-903564-3
082 _a658.407
_bSHI-B
100 _aShiba Shoji
245 0 _aBreak through Management
260 _aIndia
_c2004
300 _a267
546 _aEng.
650 _aManagement
_vSurviving in a Changing World.Leadership for Transformation
942 _cBK
999 _c673
_d673